Magic, science and religion, and other essays. (Record no. 3731)
[ view plain ]
| 000 -LEADER | |
|---|---|
| fixed length control field | 00680nam a2200241M 4500 |
| 001 - CONTROL NUMBER | |
| control field | 48885 |
| 003 - CONTROL NUMBER IDENTIFIER | |
| control field | GBCCL |
| 005 - DATE AND TIME OF LATEST TRANSACTION | |
| control field | 20241126110502.0 |
| 008 - FIXED-LENGTH DATA ELEMENTS--GENERAL INFORMATION | |
| fixed length control field | 930929s1948 nyu 000 0 eng d |
| 020 ## - INTERNATIONAL STANDARD BOOK NUMBER | |
| International Standard Book Number | 0385092466. |
| 035 ## - SYSTEM CONTROL NUMBER | |
| System control number | (OCoLC)28907419 |
| 040 ## - CATALOGING SOURCE | |
| Original cataloging agency | ORX |
| Transcribing agency | ORX |
| 049 ## - | |
| -- | LBBK |
| 082 ## - DEWEY DECIMAL CLASSIFICATION NUMBER | |
| Classification number | 215 |
| Item number | RED |
| 092 ## - LOCALLY ASSIGNED DEWEY CALL NUMBER (OCLC) | |
| Classification number | 572 |
| Item number | M295 |
| 100 1# - MAIN ENTRY--PERSONAL NAME | |
| Personal name | Malinowski, Bronislaw, |
| Dates associated with a name | 1884-1942. |
| 9 (RLIN) | 7638 |
| 245 10 - TITLE STATEMENT | |
| Title | Magic, science and religion, and other essays. |
| Statement of responsibility, etc. | With introd. by Robert Redfield. |
| 260 ## - PUBLICATION, DISTRIBUTION, ETC. | |
| Place of publication, distribution, etc. | Garden City, N.Y., |
| Name of publisher, distributor, etc. | Doubleday, |
| Date of publication, distribution, etc. | [c1948] |
| 300 ## - PHYSICAL DESCRIPTION | |
| Extent | 274 p. |
| Dimensions | 18 cm. |
| 440 #0 - SERIES STATEMENT/ADDED ENTRY--TITLE | |
| Title | Doubleday anchor books, |
| Volume/sequential designation | A23 |
| 9 (RLIN) | 7639 |
| 650 #0 - SUBJECT ADDED ENTRY--TOPICAL TERM | |
| Topical term or geographic name entry element | Anthropology. |
| 9 (RLIN) | 4486 |
| 942 ## - ADDED ENTRY ELEMENTS (KOHA) | |
| Source of classification or shelving scheme | Dewey Decimal Classification |
| Koha item type | Books |
| Withdrawn status | Lost status | Source of classification or shelving scheme | Damaged status | Not for loan | Home library | Current Library | Shelving location | Date acquired | Total checkouts | Full call number | Barcode | Date last seen | Copy number | Price effective from | Koha item type |
|---|---|---|---|---|---|---|---|---|---|---|---|---|---|---|---|
| Dewey Decimal Classification | GRACE BIBLE COLLEGE | GRACE BIBLE COLLEGE | Philosophy and Religion | 2017-12-05 | 215 RED | 002272 | 2025-05-01 | c.1 | 2017-12-05 | Books |